Título de Licenciatura en Medicina a favor de Don Tomas de la Maza del Campo (Record no. 5076)
[ view plain ]
| 000 -CABECERA | |
|---|---|
| campo de control de longitud fija | 01986nam a2200289 a 4500 |
| 001 - NÚMERO DE CONTROL | |
| campo de control | BRCA_5382 |
| 005 - FECHA Y HORA DE LA ÚLTIMA TRANSACCIÓN | |
| campo de control | 20190320205044.0 |
| 008 - DATOS DE LONGITUD FIJA--INFORMACIÓN GENERAL | |
| campo de control de longitud fija | 091210s1842----mx-####f#v---#000-0#spa-# |
| 041 ## - CÓDIGO DE LENGUA | |
| Código de lengua del texto/banda sonora o título independiente | spa |
| 044 ## - CÓDIGO DEL PAÍS DE LA ENTIDAD EDITORA/PRODUCTORA | |
| Código MARC del país | mx |
| 084 ## - OTRO NÚMERO DE CLASIFICACIÓN | |
| Número de clasificación | DOC5 |
| Número de documento/Ítem | .M39 |
| -- | 1842 |
| -- | D1995 |
| 100 1# - ENTRADA PRINCIPAL--NOMBRE DE PERSONA | |
| Nombre de persona | Maza del Campo, Tomas de la |
| 9 (RLIN) | 13769 |
| 245 10 - MENCIÓN DE TÍTULO | |
| Título | Título de Licenciatura en Medicina a favor de Don Tomas de la Maza del Campo |
| Mención de responsabilidad, etc. | Tomas de la Maza del Campo. |
| 260 ## - PUBLICACIÓN, DISTRIBUCIÓN, ETC. | |
| Lugar de publicación, distribución, etc. | Madrid, España |
| Fecha de publicación, distribución, etc. | 1842 |
| 300 ## - DESCRIPCIÓN FÍSICA | |
| Extensión | [1] foja |
| Dimensiones | 42 x 60cm |
| 500 ## - NOTA GENERAL | |
| Nota general | Documento autografa expedido el 3 de agosto de 1842 |
| 500 ## - NOTA GENERAL | |
| Nota general | Título expedido a Don Tomas de la Maza del Campo a la edad de 31 años, después de haber acreditado en debido forma tener requisitos prevenidos por las leyes ha sido examinado y aprobado en la Facultad de Medicina el día 28 de julio, se da licencia y autorización para que libremente y sin incurrir en pena alguna pueda ejercer la citada Facultad de Medicina en los casos y cosas que a ella tocantes y concérnientes, en todo el territorio de la Monarquía Española en virtud de esta nuestra carta y de parte de la reina (Q. D. G.) exhortamos y requerimos a todos los jueces y demás Autoridades que no le pongan ni permitan que se le ponga impedimento alguno y hagan guardar todas las honras privilegios y consideraciones que por las leyes estan concedidas a los licenciados en Medicina |
| 500 ## - NOTA GENERAL | |
| Nota general | Contiene en el margen superior leyenda: LA REINA, Y EN SU AUGUSTO NOMBRE LA DIRECCIÓN GENERAL DE ESTUDIOS |
| 500 ## - NOTA GENERAL | |
| Nota general | Estado de conservación: contiene manchas de acidez y roturas |
| 500 ## - NOTA GENERAL | |
| Nota general | Donación del Sr. Gonzalo Tassier 10 agosto 1995 |
| 506 0# - NOTA DE RESTRICCIONES AL ACCESO | |
| Limitaciones de acceso | Fondo reservado: para su consulta es necesario credencial de usuario y carta de motivos |
| 546 ## - NOTA DE LENGUA/LENGUAJE | |
| Nota de lengua/lenguaje | Texto en español de mediados del siglo XIX |
| 600 14 - PUNTO DE ACCESO ADICIONAL DE MATERIA--NOMBRE DE PERSONA | |
| Nombre de persona | Maza del Campo, Tomas de la |
| 9 (RLIN) | 13769 |
| 651 #4 - PUNTO DE ACCESO ADICIONAL DE MATERIA--NOMBRE GEOGRÁFICO | |
| Nombre geográfico | España |
| Subdivisión de forma | Impreso con rúbricas |
| Subdivisión general | Historia |
| Subdivisión cronológica | Restauración Borbónica, 1814-1868 |
| 9 (RLIN) | 13770 |
| 902 ## - CATALOGADOR | |
| Iniciales | DDH |
| 942 ## - ELEMENTOS DE PUNTO DE ACCESO ADICIONAL (KOHA) | |
| Fuente del sistema de clasificación o colocación | Library of Congress Classification |
| Tipo de ítem Koha | Documentos |
| Estado de retiro | Estado de pérdida | Estado dañado | No para préstamo | Localización permanente | Ubicación/localización actual | Fecha de adquisición | Total de préstamos | Signatura topográfica completa | Código de barras | Fecha visto por última vez | Precio válido a partir de | Tipo de ítem Koha |
|---|---|---|---|---|---|---|---|---|---|---|---|---|
| El ejemplar forma parte de la colección y puede ser consultado según las políticas vigentes. | Biblioteca del Museo Franz Mayer (Rogerio Casas-Alatriste) | Biblioteca del Museo Franz Mayer (Rogerio Casas-Alatriste) | 09/12/2010 | DOC5 .M39 1842 D1995 | 5817 | 22/03/2019 | 22/03/2019 | Documentos |